Statistics for Can you guess all the 15 Windows Logos in 1 minute?

Click here to take the quiz!

General Stats

  • This quiz has been taken 166 times
    (163 since last reset)
  • The average score is 8 of 15

Answer Stats

???Answer% Correct
?Windows XP
100%
?Windows 1.0
76%
?Windows 10
76%
?Windows 8
68%
?Windows 7
66%
?Windows 2.0
58%
?Windows 95
55%
?Windows Vista
55%
?Windows 98
54%
?Windows 3.0
49%
?Windows 2000
39%
?Windows ME
38%
?Windows 3.1
35%
?Windows 6
23%
?Windows Infinity
4%

Score Distribution

Percentile by Number Answered

Percent of People with Each Score

Your Score History

You have not taken this quiz since the last reset